جہا ن آرزو / (Record no. 192395)

MARC details
000 -LEADER
fixed length control field 00578nam a22001937a 4500
005 - DATE AND TIME OF LATEST TRANSACTION
control field 20220921103500.0
010 ## - LCCN (DPL NO)
LC control number UR-11730
020 ## - INTERNATIONAL STANDARD BOOK NUMBER
International Standard Book Number 9789391238995
Terms of availability 300.00
035 ## - SYSTEM CONTROL NUMBER
System control number U-10285
037 ## - SOURCE OF ACQUISITION
Source of stock number/acquisition DBAD/PUB
Stock number -
082 ## - DEWEY DECIMAL CLASSIFICATION NUMBER
Classification number ک
100 ## - MAIN ENTRY--PERSONAL NAME
Personal name رینو بہل
245 ## - TITLE STATEMENT
Title جہا ن آرزو /
Statement of responsibility, etc رینو بہل
Medium ا ر د و
246 ## - VARYING FORM OF TITLE
Title proper/short title Jahan-E-Aarzoo /
Remainder of title by Renu Behl
260 ## - PUBLICATION, DISTRIBUTION, ETC. (IMPRINT)
Place of publication, distribution, etc New Delhi
Name of publisher, distributor, etc Educational Publishing House
Date of publication, distribution, etc 2022 ء
270 ## - ADDRESS
Address H.o. D1/16, Ansari Road, Darya Ganj
City New Delhi
Postal code 110002
300 ## - PHYSICAL DESCRIPTION
Extent 256 ص
Dimensions 22cm(pbk)
942 ## - ADDED ENTRY ELEMENTS (KOHA)
Source of classification or shelving scheme Dewey Decimal Classification
Item type Urdu Bks
Classification part ک
Call number suffix ر ی ن
Holdings
Withdrawn status Lost status Not for loan Collection code Home library Current library Date acquired Source of acquisition Cost, normal purchase price Full call number Barcode Copy number Cost, replacement price Koha item type
      Fiction Sarojini Nagar Sarojini Nagar 21/09/2022 DBAD/PUB 300.00 ک ر ی ن U-10285 1 300.00 Urdu Bks

© Delhi Public Library
Hit Counter
free hit counter